000 01254cam a2200361 a 4500
001 18419
003 BD-RjUL
005 20211209000300.0
008 140220r19941954enka b 000 0 eng d
020 _a0415027047 (pbk.)
035 _a(BD-RjUL)18477
040 _aDLC
_cDLC
_dDLC
_dBD-RjUL
_beng
041 _aeng
082 0 0 _a822.33
_219
_bSHT 1994
100 1 _aShakespeare, William,
_d1564-1616.
_956756
245 1 4 _aThe tempest /
_cedited by Frank Kermode.
260 _aLondon ;
_aNew York :
_bRoutledge,
_c1994
300 _axciii, 174 p. :
_bill. ;
_c20 cm.
490 1 _aThe Arden edition of the works of William Shakespeare
500 _aOriginally published: London ; New York : Methuen, 1954. (The Arden Shakespeare) (University paperbacks)
504 _aIncludes bibliographical references.
650 0 _aFathers and daughters
_vDrama.
_956455
650 0 _aPolitical refugees
_vDrama.
_956456
650 0 _aShipwreck victims
_vDrama.
_956457
650 0 _aMagicians
_vDrama.
_956458
650 0 _aIslands
_vDrama.
_956459
650 0 _aSpirits
_vDrama.
_956460
655 7 _aTragicomedy.
_2lcsh
_956763
700 1 _aKermode, Frank,
_d1919-2010.
_956462
942 _2ddc
_cBK
999 _c18419
_d18419